000 00221nam a22000857a 4500
008 160704b xxu||||| |||| 00| 0 eng d
100 _91913
_a Rao, V.K
245 _aEducation System
260 _aNew Delhi
_bAPH Publication
_c2004
999 _c1615
_d1615